000
00249nam a2200121Ia 4500
003
LDD
040
_c
LDD
041
_a
en
245
0
_a
Evaluation Review : to be entered
260
_c
1 Feb-31 Jul,2006
362
_a
30-30
_b
01-Mar
942
_2
ddc
_c
J
999
_c
179595
_d
179595